[Event "31st ECC Women 2015"]
[Site "Skopje MKD"]
[Date "2015.10.22"]
[Round "5.4"]
[Board "4"]
[White "Edakina, Anastasia"]
[Black "Kaliadzich, Maryia"]
[Result "0-1"]
[WhiteElo "1736"]
[BlackElo "2096"]
[WhiteTeam "OSLO SCHAKSELSKAP (NOR)"]
[BlackTeam "BOSSA NOVA (BLR)"]
[WhiteFideId "1507443"]
[BlackFideId "13500015"]
[EventDate "2015.10.18"]
[EventType "team"]

1. e4 c5 2. Nf3 Nc6 3. Bb5 g6 4. O-O Bg7 5. Re1 Nf6 6. Nc3 O-O 7. d3 e5 8. Be3
d6 9. a3 Nd4 10. Bc4 Bg4 11. Bxd4 exd4 12. Nd5 Nd7 13. h3 Bxf3 14. Qxf3 Ne5 15.
Qf4 Nxc4 16. dxc4 f5 17. Rad1 Kh8 18. Qg3 f4 19. Nxf4 Be5 20. Nxg6+ hxg6 21.
Qxg6 Qh4 22. Qg4 Qxf2+ 23. Kh1 Qf4 24. Qxf4 Rxf4 25. Rd2 Raf8 26. Kg1 Kg7 27.
Rd3 Rf2 28. Rb3 b6 29. Rf3 R8xf3 30. gxf3 Rxc2 31. b3 d3 32. Rd1 Bd4+ 33. Kf1
Rf2+ 34. Ke1 Rxf3 35. Kd2 Kf6 36. h4 Ke5 37. h5 Kxe4 38. Re1+ Be3+ 39. Kd1 Rh3
40. Rf1 Rxh5 41. Re1 Rh2 42. b4 Ra2 0-1

[Event "31st ECC Women 2015"]
[Site "Skopje MKD"]
[Date "2015.10.22"]
[Round "5.5"]
[Board "1"]
[White "Srebrnic, Ana"]
[Black "Socko, Monika"]
[Result "0-1"]
[WhiteTitle "WGM"]
[BlackTitle "GM"]
[WhiteElo "2234"]
[BlackElo "2443"]
[WhiteTeam "MIDLAND MONARCHS (ENG)"]
[BlackTeam "ASD CIRCOLO SCACCHI R.FISCHER CHIETI (IT"]
[WhiteFideId "14603314"]
[BlackFideId "1106619"]
[EventDate "2015.10.18"]
[EventType "team"]

1. Nf3 d5 2. d4 Nf6 3. c4 e6 4. cxd5 exd5 5. Nc3 Be7 6. Bg5 c6 7. Qc2 Nbd7 8. e3
O-O 9. Bd3 Re8 10. O-O Nf8 11. h3 Be6 12. Ne5 N6d7 13. Bxe7 Qxe7 14. Nxd7 Bxd7
15. Ne2 Qh4 16. Ng3 Rad8 17. b4 Qg5 18. Rfe1 h5 19. Kh2 h4 20. Nf1 Qf6 21. Rab1
Ne6 22. a4 a6 23. Kg1 g6 24. Nh2 Ng5 25. f3 b5 26. Qf2 bxa4 27. Kh1 Ne4 28. Bxe4
dxe4 29. Re2 Rb8 30. Ra2 Qe7 31. Rxa4 c5 32. Rxa6 cxd4 33. exd4 e3 34. Qe1 Bf5
35. Rb2 Qd7 36. Raa2 Qxd4 37. Ng4 Be6 38. Qxh4 Qd1+ 39. Kh2 Bxg4 40. Qxg4 e2 41.
Ra6 Qd3 0-1

[Event "31st ECC Women 2015"]
[Site "Skopje MKD"]
[Date "2015.10.22"]
[Round "5.5"]
[Board "2"]
[White "Zimina, Olga"]
[Black "Chevannes, Sabrina L"]
[Result "0-1"]
[WhiteTitle "IM"]
[BlackTitle "WIM"]
[WhiteElo "2378"]
[BlackElo "2081"]
[WhiteTeam "ASD CIRCOLO SCACCHI R.FISCHER CHIETI (IT"]
[BlackTeam "MIDLAND MONARCHS (ENG)"]
[WhiteFideId "4132190"]
[BlackFideId "411280"]
[EventDate "2015.10.18"]
[EventType "team"]

1. Nf3 d5 2. g3 Nf6 3. Bg2 c6 4. c4 e6 5. O-O Be7 6. d4 dxc4 7. Ne5 c5 8. dxc5
Qc7 9. Nxc4 Qxc5 10. Nba3 Nc6 11. Be3 Qh5 12. Nd6+ Kf8 13. Nab5 Ng4 14. h3 Nxe3
15. fxe3 f6 16. Nxc8 Rxc8 17. Qd7 Rd8 18. Qxb7 Na5 19. Qa6 Qxe2 20. Rf2 Qxe3 21.
Qxa5 Kf7 22. Re1 Qxg3 23. Qxa7 Rd2 24. Nc3 Rxf2 25. Qxf2 Bc5 26. Qxc5 Qxe1+ 27.
Kh2 Qd2 28. Qc7+ Kg6 29. Qg3+ Kf7 30. Qc7+ Kg6 31. b4 Rd8 32. b5 Rd6 33. Qc4 Rd4
34. Qc7 Rd6 35. Ne2 Qb2 36. a4 Rd2 37. Qg3+ Kf7 38. Qe3 f5 39. Bf3 Kf6 40. b6 e5
41. b7 e4 42. Qxd2 Qxd2 43. b8=Q exf3 44. Qf8+ Kg6 45. Qe8+ Kg5 46. Qe7+ Kh5 47.
Qf7+ Kh6 48. Qxf5 fxe2 49. Qe6+ g6 0-1

[Event "31st ECC Women 2015"]
[Site "Skopje MKD"]
[Date "2015.10.22"]
[Round "5.5"]
[Board "3"]
[White "Manelidou, Maria"]
[Black "Gueci, Tea"]
[Result "1-0"]
[BlackTitle "WFM"]
[WhiteElo "2074"]
[BlackElo "2110"]
[WhiteTeam "MIDLAND MONARCHS (ENG)"]
[BlackTeam "ASD CIRCOLO SCACCHI R.FISCHER CHIETI (IT"]
[WhiteFideId "4212240"]
[BlackFideId "872342"]
[EventDate "2015.10.18"]
[EventType "team"]

1. e4 g6 2. d4 Bg7 3. Nc3 d6 4. f4 Nf6 5. Bd3 O-O 6. Nf3 Na6 7. O-O c5 8. d5 Rb8
9. a4 Nb4 10. Bc4 e6 11. dxe6 Bxe6 12. Bxe6 fxe6 13. Qe2 d5 14. e5 Ne8 15. Nb5
a6 16. c3 Nc6 17. Na3 Nc7 18. Nc2 Qe7 19. Be3 h6 20. Rab1 Na5 21. Nd2 Rfc8 22.
b4 cxb4 23. Nxb4 b5 24. Qf2 Ra8 25. Bb6 Nc4 26. Nxc4 bxc4 27. Nc6 Qd7 28. Nd4
Ne8 29. a5 Bf8 30. Kh1 Nc7 31. Qe2 Nb5 32. Nxb5 axb5 33. Qb2 d4 34. Qxb5 Qxb5
35. Rxb5 d3 36. g3 Kf7 37. Kg2 Ke8 38. Kf3 Kd7 39. Ke4 Rc6 40. Ra1 Ra6 41. Be3
Rc8 42. Rb7+ Kc6 43. Rh7 Rca8 44. Rf7 Kb5 45. Rb1+ Kc6 46. Rf6 Rxa5 47. Rb6+ Kd7
48. Rb7+ Kc8 49. Rh7 Ba3 50. Rxg6 Rd5 51. Rg8+ 1-0

[Event "31st ECC Women 2015"]
[Site "Skopje MKD"]
[Date "2015.10.22"]
[Round "5.5"]
[Board "4"]
[White "Gueci, Laura"]
[Black "Keen, Cosima"]
[Result "1-0"]
[WhiteElo "2023"]
[BlackElo "1986"]
[WhiteTeam "ASD CIRCOLO SCACCHI R.FISCHER CHIETI (IT"]
[BlackTeam "MIDLAND MONARCHS (ENG)"]
[WhiteFideId "851159"]
[BlackFideId "423050"]
[EventDate "2015.10.18"]
[EventType "team"]

1. c4 e6 2. Nf3 d5 3. b3 Nf6 4. g3 Be7 5. Bg2 O-O 6. O-O b6 7. Bb2 Bb7 8. e3 c5
9. Nc3 Nc6 10. cxd5 exd5 11. d4 Rc8 12. Ne5 cxd4 13. Nxc6 Bxc6 14. Qxd4 Bc5 15.
Qd2 d4 16. exd4 Bxg2 17. Kxg2 Qxd4 18. Rad1 Rfd8 19. Qe2 Qb4 20. Rfe1 Re8 21.
Qb5 Rxe1 22. Rxe1 Qxb5 23. Nxb5 a6 24. Nd4 Rd8 25. Nf3 Ng4 26. Re2 h5 27. h3 Nh6
28. Nd2 b5 29. Ne4 Bb6 30. Rc2 a5 31. Rc6 Bd4 32. Bc1 Nf5 33. g4 hxg4 34. hxg4
Re8 35. Ng5 Nh6 36. Nf3 Rd8 37. Bxh6 gxh6 38. Ra6 Bc3 39. Rxh6 Rd5 40. Rh5 Rxh5
41. gxh5 Kg7 42. Kg3 a4 43. Kg4 axb3 44. axb3 Ba5 45. Nh4 Kf6 46. Nf5 Bc3 47.
Nd6 b4 48. f4 Ke6 49. Nf5 Bb2 50. h6 Kf6 51. Nh4 Bc1 52. Nf3 Kg6 53. Ne5+ Kxh6
54. Nxf7+ Kg6 55. Nd6 Kf6 56. Nc4 Ke6 57. f5+ Kf6 58. Na5 Bh6 59. Nc6 Bf8 60.
Kf4 Bd6+ 61. Ke4 Bf8 62. Nd4 Be7 63. Ne6 Bd6 64. Nf4 Bf8 65. Nd5+ Kf7 66. Ke5
Bc5 67. f6 Bf8 68. Nf4 Bh6 69. Ne6 Bd2 70. Kf5 Bc3 71. Ng5+ Ke8 72. Ke6 Kd8 73.
Nh7 Kc7 74. f7 Bg7 75. f8=Q Bxf8 76. Nxf8 1-0

[Event "31st ECC Women 2015"]
[Site "Skopje MKD"]
[Date "2015.10.22"]
[Round "5.6"]
[Board "1"]
[White "Len, Irina"]
[Black "Efroimski, Marsel"]
[Result "1-0"]
[WhiteTitle "WFM"]
[BlackTitle "WIM"]
[WhiteElo "2127"]
[BlackElo "2255"]
[WhiteTeam "HEZLIYA CHESS CLUB (ISR)"]
[BlackTeam "RISHON LEZION (ISR)"]
[WhiteFideId "2805715"]
[BlackFideId "2810964"]
[EventDate "2015.10.18"]
[EventType "team"]

1. d4 Nf6 2. Bg5 Ne4 3. Bf4 d5 4. Nf3 c5 5. dxc5 e6 6. Nbd2 Nxd2 7. Qxd2 Bxc5 8.
e3 O-O 9. Bd3 Nc6 10. c3 f6 11. Qc2 e5 12. Bxh7+ Kh8 13. Qg6 exf4 14. Qh5 Bg4
15. Qh4 f5 16. Ng5 Qxg5 17. Qxg5 Be7 18. Qxf4 Kxh7 19. f3 Bh5 20. O-O-O Rad8 21.
Rhe1 Rd7 22. Qa4 Bg6 23. h4 Kg8 24. Rh1 Bc5 25. Qf4 Re8 26. Rhe1 Rde7 27. Rd3
Re6 28. Kd1 Bd6 29. Qa4 f4 30. Rxd5 fxe3 31. Ke2 Ne7 32. Rg5 Rd8 33. Qg4 Bd3+
34. Kxd3 Bg3+ 35. Kc2 Rd2+ 36. Kc1 Bxe1 37. Qxe6+ Kf8 38. Qxe3 1-0

[Event "31st ECC Women 2015"]
[Site "Skopje MKD"]
[Date "2015.10.22"]
[Round "5.6"]
[Board "2"]
[White "Lahav, Michal"]
[Black "Yakovleva, Tatiana"]
[Result "1-0"]
[WhiteElo "2015"]
[BlackElo "1966"]
[WhiteTeam "RISHON LEZION (ISR)"]
[BlackTeam "HEZLIYA CHESS CLUB (ISR)"]
[WhiteFideId "2813742"]
[BlackFideId "2802449"]
[EventDate "2015.10.18"]
[EventType "team"]

1. e4 c6 2. d4 d5 3. e5 Bf5 4. Ne2 e6 5. Ng3 Bg6 6. h4 h6 7. h5 Bh7 8. Bd3 Bxd3
9. cxd3 Bb4+ 10. Nc3 f5 11. O-O Bxc3 12. bxc3 Ne7 13. Ne2 Nd7 14. Rb1 b6 15. Nf4
Kf7 16. Ba3 Re8 17. Re1 Nf8 18. Re3 Nh7 19. Rg3 Ng5 20. Ng6 Nc8 21. Re3 Kg8 22.
Rg3 Rb8 23. Qa4 Qd7 24. Bc1 Nf7 25. Ba3 Ng5 26. Rf1 Rb7 27. Qd1 Qd8 28. f4 Nh7
29. Rh3 Rf7 30. Kf2 Qc7 31. Qa4 Qd7 32. Qd1 Qc7 33. Kg1 c5 34. dxc5 bxc5 35. d4
c4 36. Qc2 Nb6 37. Rb1 Qc6 38. Bd6 Nc8 39. Bc5 Nb6 40. Rf3 Na4 41. Bd6 Rd7 42.
Rff1 Kf7 43. Rb4 Nb6 44. Rfb1 Nf6 45. exf6 Qxd6 46. Ne5+ Kxf6 47. Nxd7+ Qxd7 48.
Qe2 Re7 49. Qe5+ Kf7 50. a4 Nxa4 51. Rb7 Qxb7 52. Rxb7 Rxb7 53. Qe1 Rb3 54. Qa1
Nxc3 55. Qxa7+ Kf6 56. Qc7 Ne4 57. Qd8+ Kf7 58. Qd7+ Kf6 59. Qe8 Nd6 60. Qd8+
Kf7 61. Qd7+ Kf6 62. Qxd6 Rb7 63. Qc6 Re7 64. Kf2 Kf7 65. Ke3 Ra7 66. Qc5 Rb7
67. Qc6 Rb3+ 68. Ke2 Rb2+ 69. Kd1 Rb1+ 70. Kc2 Re1 71. Kc3 Re2 72. Kb4 Kg8 73.
Kc5 c3 74. Kd6 c2 75. Ke7 Rxg2 76. Qc8+ Kh7 77. Kf7 1-0

[Event "31st ECC Women 2015"]
[Site "Skopje MKD"]
[Date "2015.10.22"]
[Round "5.6"]
[Board "3"]
[White "Haitovich, Avital"]
[Black "Reprun, Nadejda"]
[Result "0-1"]
[WhiteElo "1929"]
[BlackElo "1969"]
[WhiteTeam "HEZLIYA CHESS CLUB (ISR)"]
[BlackTeam "RISHON LEZION (ISR)"]
[WhiteFideId "2800306"]
[BlackFideId "2806843"]
[EventDate "2015.10.18"]
[EventType "team"]

1. e4 c6 2. d4 d5 3. f3 Qb6 4. Nc3 dxe4 5. fxe4 e5 6. Nf3 exd4 7. Nxd4 Bc5 8.
Na4 Qa5+ 9. c3 Be7 10. Bf4 Nf6 11. Bd3 O-O 12. O-O b5 13. Bxb8 Rxb8 14. Nxc6 Qc7
15. Nxb8 bxa4 16. Na6 Bxa6 17. Bxa6 Qb6+ 18. Kh1 Qxa6 19. Qf3 Qe6 20. Rfe1 Qe5
21. Qf5 Bd6 22. Qxe5 Bxe5 23. a3 Rb8 24. Re2 Kf8 25. Rd1 Ke7 26. g3 h5 27. Kg2
h4 28. g4 Nxg4 29. Rd5 f6 30. h3 Nh6 31. Ra5 Rb7 32. Rxa4 Nf7 33. c4 Bxb2 34.
Rb4 Rxb4 35. axb4 Bc3 36. b5 Bb4 37. Rc2 Bc5 38. Kf3 Nd6 39. Kg4 g5 40. Kh5 Ke6
41. Re2 Bd4 42. Ra2 Nxe4 43. Ra6+ Bb6 44. Ra2 Kf5 45. Ra6 Bc5 46. Rc6 Bf8 0-1

[Event "31st ECC Women 2015"]
[Site "Skopje MKD"]
[Date "2015.10.22"]
[Round "5.6"]
[Board "4"]
[White "Federovski, Adi"]
[Black "Lian, Marina"]
[Result "1/2-1/2"]
[WhiteElo "1913"]
[BlackElo "1858"]
[WhiteTeam "RISHON LEZION (ISR)"]
[BlackTeam "HEZLIYA CHESS CLUB (ISR)"]
[WhiteFideId "2813777"]
[BlackFideId "2809680"]
[EventDate "2015.10.18"]
[EventType "team"]

1. e4 e6 2. d4 d5 3. Nd2 c5 4. exd5 exd5 5. Ngf3 Nc6 6. Bb5 Bd6 7. dxc5 Bxc5 8.
Nb3 Bd6 9. O-O Ne7 10. Re1 O-O 11. Bd3 Re8 12. c3 a6 13. h3 f6 14. Qc2 Ng6 15.
Bd2 Kf7 16. Bxg6+ hxg6 17. Nh4 Ne7 18. Nd4 Bd7 19. Qb3 Qc8 20. Re3 Qc4 21. Qc2
Be5 22. Rd3 Rad8 23. Be3 Nc6 24. b3 Nxd4 25. Rxd4 Qc6 26. Qxg6+ Kg8 27. Rd3 Qe6
28. Nf3 Bb5 29. Nd4 Bxd4 30. Rxd4 Rc8 31. Rg4 Qf7 32. Qf5 Bd7 33. Qd3 Bxg4 34.
hxg4 Re7 35. Rd1 Qe6 36. a4 Rec7 37. Bd2 Qe4 38. Qf3 Re7 39. Qxe4 Rxe4 40. f3
Re2 41. Kf1 Rce8 42. Re1 Rxe1+ 43. Bxe1 Kf7 44. Kf2 Kg6 45. Bd2 f5 46. gxf5+
Kxf5 47. Be3 g6 48. g4+ Ke6 49. Bd4 Re7 50. Kg3 Rh7 51. a5 Rh1 52. Kf4 Rb1 53.
b4 Rf1 54. Kg5 Kf7 55. f4 Rf3 56. f5 gxf5 57. gxf5 Rf1 58. Kg4 Ke7 1/2-1/2

[Event "31st ECC Women 2015"]
[Site "Skopje MKD"]
[Date "2015.10.23"]
[Round "6.1"]
[Board "1"]
[White "Bodnaruk, Anastasia"]
[Black "Dzagnidze, Nana"]
[Result "1/2-1/2"]
[WhiteTitle "IM"]
[BlackTitle "GM"]
[WhiteElo "2459"]
[BlackElo "2573"]
[WhiteTeam "SPB (RUS)"]
[BlackTeam "NONA (GEO)"]
[WhiteFideId "4181751"]
[BlackFideId "13601903"]
[EventDate "2015.10.18"]
[EventType "team"]

1. e4 e5 2. Nf3 Nc6 3. Bb5 a6 4. Ba4 Nf6 5. O-O Be7 6. Re1 b5 7. Bb3 d6 8. c3
O-O 9. h3 Nd7 10. d4 Bf6 11. d5 Na5 12. Bc2 Nb6 13. b3 c6 14. c4 Bd7 15. Ba3
bxc4 16. Bxd6 cxd5 17. Bb4 Nb7 18. Bxf8 Qxf8 19. a4 Na5 20. bxc4 d4 21. Nbd2 Rc8
22. Nb3 Naxc4 23. a5 Na4 24. Nbxd4 Nab2 25. Qb1 exd4 26. e5 Bd8 27. Bxh7+ Kh8
28. Bf5 Bxf5 29. Qxf5 Rc5 30. Nxd4 Kg8 31. Re2 Qe8 32. f4 Rd5 33. Qe4 Qd7 34. e6
fxe6 35. Nxe6 Bf6 36. Rc1 Rd1+ 37. Rxd1 Qxd1+ 38. Re1 Qd2 39. Qa8+ Kh7 40. Nf8+
Kh6 41. Qe8 Qd3 42. Re4 Qg3 43. Ne6 Nd6 44. Qh8+ Kg6 45. Re2 Nd3 46. f5+ Nxf5
47. Qe8+ Kh7 48. Qh5+ Nh6 49. Qd5 Kh8 50. Qa8+ Ng8 51. Qxa6 Be5 52. Kf1 Qg6 53.
Qc4 Bg3 54. Re4 Qf5+ 55. Ke2 Ne5 56. Qd5 Nf6 57. Qd8+ Kh7 58. Nf8+ Kh6 59. Qd2+
g5 60. Rb4 Nc6 61. Rb6 Qe4+ 62. Kd1 Bf4 63. Qc2 Qd5+ 64. Ke1 Qxa5+ 65. Kf1 Qa1+
66. Rb1 Qa6+ 67. Kg1 Ne7 68. Re1 Bg3 69. Rd1 Qa8 70. Qd3 Qxf8 71. Qxg3 Ng6 72.
Qd6 Qf7 73. Qd4 Qe6 74. Kh2 Qf5 75. Qe3 Nd5 76. Qd4 Ndf4 77. Rd2 Qe6 78. Rb2 Qc6
79. Rf2 Qc7 80. g3 Nh5 81. Qe3 Qd6 82. Rf5 Qe7 83. Qxe7 Nxe7 84. Ra5 Nf6 85. Kg2
Kg6 86. h4 gxh4 87. gxh4 Ned5 88. Kf3 Kh5 89. Kg3 Ne4+ 90. Kf3 Nf6 91. Kg3 Ne4+
92. Kf3 1/2-1/2

[Event "31st ECC Women 2015"]
[Site "Skopje MKD"]
[Date "2015.10.23"]
[Round "6.1"]
[Board "3"]
[White "Belenkaya, Dina"]
[Black "Javakhishvili, Lela"]
[Result "1/2-1/2"]
[WhiteTitle "WFM"]
[BlackTitle "IM"]
[WhiteElo "2352"]
[BlackElo "2463"]
[WhiteTeam "SPB (RUS)"]
[BlackTeam "NONA (GEO)"]
[WhiteFideId "24142654"]
[BlackFideId "13601458"]
[EventDate "2015.10.18"]
[EventType "team"]

1. e4 c5 2. Nf3 Nc6 3. Bb5 Nf6 4. Qe2 g6 5. c3 Bg7 6. O-O O-O 7. d4 cxd4 8. cxd4
a6 9. Bd3 d6 10. d5 Nb4 11. Bc4 b5 12. Bb3 a5 13. Nc3 a4 14. Bd1 Na6 15. Nd4 Nc5
16. Nc6 Qd7 17. a3 Bb7 18. Nb4 Rab8 19. Bc2 Ba8 20. Be3 Ng4 21. Rad1 Nxe3 22.
Qxe3 Rfc8 23. Rd2 Qc7 24. Bd1 Qa5 25. Nca2 Rc7 26. Rc2 Re8 27. Be2 e6 28. Qf3
Rce7 29. Nc3 exd5 30. exd5 Nb3 31. Qd3 Nd4 32. Rd2 Nb3 33. Rc2 Nd4 34. Rd2 Nb3
35. Rc2 Nd4 36. Rd2 1/2-1/2

[Event "31st ECC Women 2015"]
[Site "Skopje MKD"]
[Date "2015.10.23"]
[Round "6.2"]
[Board "1"]
[White "Efroimski, Marsel"]
[Black "Goryachkina, Aleksandra"]
[Result "0-1"]
[WhiteTitle "WIM"]
[BlackTitle "WGM"]
[WhiteElo "2255"]
[BlackElo "2480"]
[WhiteTeam "RISHON LEZION (ISR)"]
[BlackTeam "GAMBIT ASSEKO SEE (MKD)"]
[WhiteFideId "2810964"]
[BlackFideId "4147103"]
[EventDate "2015.10.18"]
[EventType "team"]

1. e4 c6 2. d4 d5 3. Nc3 dxe4 4. Nxe4 Nf6 5. Nxf6+ exf6 6. c3 Bd6 7. Bd3 O-O 8.
Qc2 Re8+ 9. Ne2 h6 10. Be3 Nd7 11. O-O Qc7 12. h3 b5 13. Qd2 a6 14. Rae1 Nf8 15.
Nf4 g6 16. b3 Rb8 17. Bb1 h5 18. Rd1 Ne6 19. Nd3 f5 20. f4 a5 21. Nc5 Bf8 22. a3
Qd8 23. b4 axb4 24. axb4 Nxc5 25. dxc5 Qxd2 26. Bxd2 Bg7 27. Kf2 Be6 28. Rc1 Bc4
29. Rfe1 Red8 30. Be3 Ra8 31. g4 hxg4 32. hxg4 fxg4 33. f5 Ra3 34. Bg5 f6 35.
Be3 gxf5 36. Bxf5 Kf7 37. Red1 Ra2+ 38. Kg3 Bd5 39. Rc2 Rxc2 40. Bxc2 f5 41.
Bxf5 Bxc3 42. Bxg4 Bxb4 43. Bh5+ Kf6 44. Bd4+ Kg5 45. Bf3 Ba5 46. Be3+ Kf5 47.
Bg4+ Kg6 48. Bf4 Re8 49. Bd7 Re1 50. Rxe1 Bxe1+ 51. Kg4 Bf2 52. Bd6 b4 53. Kf4
Bd4 54. Bf5+ Kf6 55. Bb1 b3 56. Bd3 Bf7 57. Ke4 Bc3 58. Ke3 b2 59. Bc7 Bg6 60.
Bd8+ 0-1

[Event "31st ECC Women 2015"]
[Site "Skopje MKD"]
[Date "2015.10.23"]
[Round "6.2"]
[Board "3"]
[White "Federovski, Adi"]
[Black "Saduakassova, Dinara"]
[Result "0-1"]
[BlackTitle "WGM"]
[WhiteElo "1913"]
[BlackElo "2402"]
[WhiteTeam "RISHON LEZION (ISR)"]
[BlackTeam "GAMBIT ASSEKO SEE (MKD)"]
[WhiteFideId "2813777"]
[BlackFideId "13700090"]
[EventDate "2015.10.18"]
[EventType "team"]

1. e4 c5 2. Nf3 Nc6 3. Bc4 e6 4. O-O a6 5. a4 d5 6. exd5 exd5 7. Ba2 Nf6 8. h3
Be7 9. d4 c4 10. Nc3 O-O 11. Re1 Bf5 12. Bg5 h6 13. Bh4 Nb4 14. Bb1 Re8 15. Ne5
Nd7 16. Bg3 Bf6 17. Qd2 Bg5 18. f4 Bh4 19. Ne2 Nc6 20. c3 Bxb1 21. Raxb1 Nb6 22.
Qc2 Nc8 23. Qf5 Nd6 24. Qg4 Bf6 25. Bh2 Ne4 26. Ng3 Bxe5 27. fxe5 Nxe5 28. Qd1
Nd3 29. Rf1 Nxg3 30. Bxg3 Qg5 31. Qf3 Qe3+ 32. Kh2 Qxf3 33. Rxf3 b5 34. axb5
axb5 35. Rf5 Red8 36. b3 b4 37. bxc4 dxc4 38. cxb4 c3 39. Bf4 Rxd4 40. Be3 Re4 0-1

[Event "31st ECC Women 2015"]
[Site "Skopje MKD"]
[Date "2015.10.23"]
[Round "6.2"]
[Board "4"]
[White "Davletbayeva, Madina"]
[Black "Vardi, Shlomit"]
[Result "1-0"]
[WhiteTitle "WIM"]
[WhiteElo "2257"]
[BlackElo "1906"]
[WhiteTeam "GAMBIT ASSEKO SEE (MKD)"]
[BlackTeam "RISHON LEZION (ISR)"]
[WhiteFideId "13703595"]
[BlackFideId "2801442"]
[EventDate "2015.10.18"]
[EventType "team"]

1. e4 d6 2. d4 g6 3. Nc3 Bg7 4. f4 Nf6 5. Bd3 Na6 6. Nf3 O-O 7. O-O c5 8. d5 Bg4
9. h3 Bxf3 10. Rxf3 Nc7 11. a4 b6 12. Qe2 e6 13. Bc4 exd5 14. exd5 Re8 15. Qd3
a6 16. Bd2 Qc8 17. Rb1 Qf5 18. Qxf5 gxf5 19. b4 Rab8 20. bxc5 bxc5 21. Rff1 Rb4
22. Bd3 Rbb8 23. Bxf5 Ncxd5 24. Nxd5 Nxd5 25. Bd3 Ra8 26. Rfe1 Bd4+ 27. Kh2 Rxe1
28. Rxe1 Nc3 29. a5 Rc8 30. Bxa6 Ra8 31. Bc4 Rxa5 32. Re8+ Kg7 33. Re7 Ra8 34.
Rxf7+ Kh8 35. Bd3 Bg7 36. Rxg7 Kxg7 37. Bxc3+ Kg8 38. Bc4+ Kf8 39. Bd5 Re8 40.
Bf6 Re2 41. c4 1-0

[Event "31st ECC Women 2015"]
[Site "Skopje MKD"]
[Date "2015.10.23"]
[Round "6.3"]
[Board "2"]
[White "Chevannes, Sabrina L"]
[Black "Mkrtchian, Lilit"]
[Result "0-1"]
[WhiteTitle "WIM"]
[BlackTitle "IM"]
[WhiteElo "2081"]
[BlackElo "2445"]
[WhiteTeam "MIDLAND MONARCHS (ENG)"]
[BlackTeam "UGRA (RUS)"]
[WhiteFideId "411280"]
[BlackFideId "13300601"]
[EventDate "2015.10.18"]
[EventType "team"]

1. d4 Nf6 2. Nf3 e6 3. c4 Bb4+ 4. Bd2 a5 5. a3 Bxd2+ 6. Nbxd2 O-O 7. e4 d6 8.
Bd3 Nc6 9. Qc2 e5 10. d5 Ne7 11. O-O Nh5 12. b4 Nf4 13. Rfd1 Nxd3 14. Qxd3 Ng6
15. Ne1 Nf4 16. Qe3 f5 17. Nd3 Qh4 18. f3 Ng6 19. c5 Bd7 20. cxd6 cxd6 21. Nc4
fxe4 22. Qxe4 Qg5 23. Nxd6 Nh4 24. Ne1 Rxf3 25. Qe2 Re3 26. Qb2 Rf8 27. Nc4 Re4
28. Rdc1 Rxc4 0-1

[Event "31st ECC Women 2015"]
[Site "Skopje MKD"]
[Date "2015.10.23"]
[Round "6.3"]
[Board "3"]
[White "Guseva, Marina"]
[Black "Dengler, Dijana"]
[Result "1-0"]
[WhiteTitle "IM"]
[BlackTitle "WFM"]
[WhiteElo "2411"]
[BlackElo "2075"]
[WhiteTeam "UGRA (RUS)"]
[BlackTeam "MIDLAND MONARCHS (ENG)"]
[WhiteFideId "4149351"]
[BlackFideId "14400081"]
[EventDate "2015.10.18"]
[EventType "team"]

1. d4 e6 2. c4 d5 3. Nc3 c6 4. Nf3 Nd7 5. e4 dxe4 6. Nxe4 Ngf6 7. Bd3 Nxe4 8.
Bxe4 Nf6 9. Bc2 Bb4+ 10. Bd2 Qa5 11. a3 Bxd2+ 12. Qxd2 Qxd2+ 13. Kxd2 Ke7 14.
Ne5 Rd8 15. Kc3 h6 16. f4 g6 17. Rae1 Bd7 18. g4 Kf8 19. h4 h5 20. f5 exf5 21.
gxf5 Bxf5 22. Rhf1 c5 23. dxc5 Nd7 24. Bxf5 Nxe5 25. Rxe5 gxf5 26. Rexf5 Rd7 27.
Rxh5 Rad8 28. Rf3 Kg7 29. Rg5+ Kh7 30. b4 Re8 31. Rd5 Rde7 32. b5 Rg8 33. Rh5+
Kg7 34. Rg5+ Kf8 35. Rxg8+ Kxg8 36. Kb4 Rc7 37. a4 Kg7 38. h5 Kh6 39. Rf5 Kg7
40. a5 Rc8 41. c6 bxc6 42. b6 Rb8 43. Kc5 1-0

[Event "31st ECC Women 2015"]
[Site "Skopje MKD"]
[Date "2015.10.23"]
[Round "6.3"]
[Board "4"]
[White "Manelidou, Maria"]
[Black "Kovanova, Baira"]
[Result "0-1"]
[BlackTitle "WGM"]
[WhiteElo "2074"]
[BlackElo "2376"]
[WhiteTeam "MIDLAND MONARCHS (ENG)"]
[BlackTeam "UGRA (RUS)"]
[WhiteFideId "4212240"]
[BlackFideId "4164083"]
[EventDate "2015.10.18"]
[EventType "team"]

1. e4 e5 2. Nf3 d6 3. d4 exd4 4. Nxd4 Nf6 5. Nc3 Be7 6. Be2 O-O 7. O-O Re8 8. h3
Bf8 9. Qd3 h6 10. f4 Na6 11. Qf3 c5 12. Nb3 Nb4 13. Bb5 Bd7 14. Bxd7 Qxd7 15.
Rf2 a5 16. a3 Nc6 17. Be3 b5 18. e5 dxe5 19. Nxc5 Qc8 20. N5e4 Nxe4 21. Qxe4
exf4 22. Qxf4 Qe6 23. Re2 Bd6 24. Qg4 f5 25. Qf3 Ne5 26. Qf2 b4 27. Nb5 Nc4 28.
Nxd6 Nxd6 29. axb4 axb4 30. Rxa8 Rxa8 31. Bc5 Ra1+ 32. Kh2 Ne4 33. Qe3 Qe5+ 0-1

[Event "31st ECC Women 2015"]
[Site "Skopje MKD"]
[Date "2015.10.23"]
[Round "6.4"]
[Board "1"]
[White "Len, Irina"]
[Black "Stetsko, Lanita"]
[Result "0-1"]
[WhiteTitle "WFM"]
[BlackTitle "FM"]
[WhiteElo "2127"]
[BlackElo "2278"]
[WhiteTeam "HEZLIYA CHESS CLUB (ISR)"]
[BlackTeam "BOSSA NOVA (BLR)"]
[WhiteFideId "2805715"]
[BlackFideId "13505300"]
[EventDate "2015.10.18"]
[EventType "team"]

1. d4 Nf6 2. Nf3 d5 3. e3 e6 4. Bd3 b6 5. O-O Bb7 6. b3 Bd6 7. Bb2 O-O 8. Ne5 c5
9. Nd2 Nc6 10. a3 Rc8 11. f4 Ne7 12. Qe2 Ne4 13. Rf3 f6 14. Ng4 c4 15. bxc4 Nxd2
16. Qxd2 dxc4 17. Be2 Bxf3 18. Bxf3 c3 19. Bxc3 Qc7 20. Bb4 Bxb4 21. Qxb4 Qc3
22. Qxc3 Rxc3 23. e4 Rxc2 24. d5 exd5 25. exd5 Rfc8 26. d6 Rc1+ 27. Rxc1 Rxc1+
28. Kf2 Nc6 29. Ne3 Kf7 30. Bd5+ Ke8 31. Be6 Nd8 32. Bh3 g6 33. Nd5 f5 34. Nf6+
Kf7 35. Nxh7 Ne6 36. g4 Nxf4 37. gxf5 Nxh3+ 38. Kg3 Rc3+ 39. Kg4 0-1